000 00753nam a22002297a 4500
005 20170124105946.0
010 _a857203
020 _c00.00
035 _a857203
037 _bCen Lib/Ret
040 _aDPL
_bEN
082 _a969
_bSIN
100 _aSingh, K.R.
_912489
245 _aThe Indian ocean :
_cby K.R. Singh
_bbig power presence and local response /
260 _aNew Delhi
_bManohar Book Service
_c1977
270 _bNew Delhi
_a2, Ansari Road, Darya Ganj
_e110002
300 _ax,336p.
_c22cm(Hb)
500 _aIncludes bibliographical references and index
650 _aIndian Ocean -- Strategic aspects
_912490
650 _a Indian Ocean Region -- Politics and government
_912491
942 _2ddc
_cEN
_h969
_mSIN
999 _c124946
_d124946